Hegel demócrata : en torno a la filosofía del derecho /

Guardado en:
Autor Principal: Farinati, Alicia Noemí
Formato: Libro
Idioma:Spanish
Publicado: Ciudad Autónoma de Buenos Aires : La Ley; Departamento de publicaciones UBA, 2013.
Edición:1a. ed.
Series:Colección Facultad de Derecho - Filosofía y Teoría del Derecho
Materias:
Etiquetas: Agregar Etiqueta
Sin Etiquetas, Sea el primero en etiquetar este registro!
LEADER 00728nam a22002055a 4500
001 DER.der012629
008 180615s2013####ag#||||||||||||||#||spa||
005 20231227141335.0
245 1 0 |a Hegel demócrata :  |b en torno a la filosofía del derecho /  |c Alicia Noemí Farinati. 
250 |a 1a. ed. 
260 |a Ciudad Autónoma de Buenos Aires :  |b La Ley; Departamento de publicaciones UBA,  |c 2013. 
300 |a 185 p. 
020 |a 9789870325345 
100 1 |a Farinati, Alicia Noemí 
830 0 |a Colección Facultad de Derecho - Filosofía y Teoría del Derecho 
650 7 |a SOCIEDAD Y ESTADO 
650 7 |a FILOSOFIA POLITICA 
650 7 |a ESTADO Y DERECHO 
650 7 |a DERECHO EN HEGEL 
859 |a DERECHO  |b BIB. DERECHO  |h 340.1  |i FAR  |p 007470